000 01114nas a2200301 4500
001 BR2012004627
003 BR-BrBNA
005 20231205120753.0
007 ta
008 230509b bl.|||p| |||| 00| 00por d
040 _aBR-BrBNA
_bpor
_cBiblioteca Nacional de Agricultura
041 _a(Pt)
072 _aL01
100 1 _aRêgo, J.P.A.
100 1 _aOliveira Júnior, A.A. de
100 1 _aLage, Y.A.
100 1 _aChapaval, L.
245 1 _aAnálise dos fatores que influenciam os pesos ao nascer e à desmama de cabritos F1, das raças anglo-nubiana e saanen, criados na Região Norte do estado do Ceará
246 1 _aAnalysis of the factors that influence birth weight and weanning of F1, kids of anglo-nubiano and saanen breed in northwest of state of Ceará, Brazil
650 _aCAPRINOCULTURA
650 _aCABRITO
650 _aPARTO
650 _aDESMAMA
650 _aPESO
773 0 _tRevista Brasileira de Medicina Veterinária (Brazil)
_xISSN 0100-2430
_g(Oct-Dec 2006), v. 28(4) p. 149-150
_wBR2012004627
909 _a202311
_bLúcia
_c55
_dLúcia Elande
942 _2AGRIS
_n0
_cANA
999 _c220222
_d220222